Statistics for Countries that Beat Chad

Click here to take the quiz!

General Stats

  • This quiz has been taken 35 times
  • The average score is 13 of 16

Answer Stats

RankCategoryAnswer% Correct
8Least democraticAfghanistan | Myanmar | North Korea | Democratic Republic of the Congo | Central African Republic | Syria | Turkmenistan
96%
5Largest country in AfricaAlgeria | Democratic Republic of the Congo | Sudan | Libya
96%
7Most territory covered by Sahara desert (area, not percentage)Algeria | Saudi Arabia | Libya | Sudan | Mauritania | Egypt
96%
3Largest landlocked countryKazakhstan | Mongolia
96%
3Largest country with any territory in the SahelAlgeria | Sudan
91%
9Lowest GDP per capitaBurundi | South Sudan | Central African Republic | Democratic Republic of the Congo | Somalia | Niger | Mozambique | Malawi
87%
7Most corrupt African nationSouth Sudan | Somalia | Libya | Equatorial Guinea | Democratic Republic of the Congo | Burundi
87%
6Poorest landlocked countryBurundi | South Sudan | Central African Republic | Niger | Malawi
83%
5Largest country where homosexuality is punishable by prison timeAlgeria | Saudi Arabia | Libya | Sudan
78%
3Largest country that has French as an official languageCanada | Democratic Republic of the Congo
78%
3Largest country that has 4 lettersIran | Peru
78%
3Worst human development indexNiger | Central African Republic
78%
8Most ethnically diverseUganda | Liberia | Madagascar | Democratic Republic of the Congo | Republic of the Congo | Cameroon
65%
4Largest African oil producer that is NOT in OPECEgypt | Ghana | South Sudan
61%
3Least Muslim country that is still at least half MuslimBosnia and Herzegovina | Nigeria
57%
3Highest influenza and pneumonia death rateNigeria | Sierra Leone
48%

Score Distribution

Percentile by Number Answered

Percent of People with Each Score

Your Score History

You have not taken this quiz